Gestión de proyectos culturales. Análisis de casos.
Gorde:
| Beste egile batzuk: | , , |
|---|---|
| Formatua: | Liburua |
| Hizkuntza: | gaztelania |
| Argitaratua: |
Barcelona, España:
Ariel,
2009.
|
| Edizioa: | Segunda edición actualizada. |
| Saila: | Ariel Patrimonio.
|
| Gaiak: | |
| Etiketak: |
Etiketa erantsi
Etiketarik gabe, Izan zaitez lehena erregistro honi etiketa jartzen!
|
MARC
| LEADER | 00000nam a22000007a 4500 | ||
|---|---|---|---|
| 003 | CL-VaPUC | ||
| 005 | 20250407202446.0 | ||
| 008 | 250313t2009 ||||| |||| 00| 0 spa d | ||
| 999 | |c 447327 |d 447325 | ||
| 020 | |a 978-84-344-2891-1 | ||
| 040 | |c Pontificia Universidad Católica de Valparaíso | ||
| 082 | |2 22 |a 306.0946 BON 2009 | ||
| 100 | |9 896801 |a Bonet, Lluís |e editor | ||
| 245 | |a Gestión de proyectos culturales. |b Análisis de casos. | ||
| 250 | |a Segunda edición actualizada. | ||
| 260 | |a Barcelona, España: |b Ariel, |c 2009. | ||
| 300 | |a 255 páginas. | ||
| 490 | |a Ariel Patrimonio. | ||
| 500 | |a c.1-5: Instituto Arcos. 08-01-2025 | ||
| 583 | |c 20250313 |k Yessy Sthefany Diaz Vidal | ||
| 650 | 0 | |9 521696 |a Gestión cultural |x Patrimonio, música, teatro, etc. |z España | |
| 650 | 0 | |9 876660 |a Proyectos artísticos y culturales |x Diseño y formulación |z España | |
| 700 | |9 896803 |a Castañer, Xavier |e editor | ||
| 700 | |9 896825 |a Fontana, Josep |e editor | ||
| 942 | |2 ddc |c BK |n 0 | ||
| 952 | |0 0 |1 0 |2 ddc |4 0 |6 306_094600000000000_BON_2009 |7 0 |8 A |9 601208 |a BIBINC |b BIBINC |d 2025-03-13 |e Instituto Arcos |i 5666035 |o 306.0946 BON 2009 |p 5666035 |r 2025-03-13 |t 1 |w 2025-03-13 |y BK |k IFP | ||
| 952 | |0 0 |1 0 |2 ddc |4 0 |6 306_094600000000000_BON_2009 |7 0 |8 A |9 601209 |a BIBINC |b BIBINC |d 2025-03-13 |e Instituto Arcos |i 5666036 |o 306.0946 BON 2009 |p 5666036 |r 2025-03-13 |t 2 |w 2025-03-13 |y BK |k IFP | ||
| 952 | |0 0 |1 0 |2 ddc |4 0 |6 306_094600000000000_BON_2009 |7 0 |8 A |9 601211 |a BIBINC |b BIBINC |d 2025-03-13 |e Instituto Arcos |i 5666037 |o 306.0946 BON 2009 |p 5666037 |r 2025-03-13 |t 3 |w 2025-03-13 |y BK |k IFP | ||
| 952 | |0 0 |1 0 |2 ddc |4 0 |6 306_094600000000000_BON_2009 |7 0 |8 A |9 601212 |a BIBINC |b BIBINC |d 2025-03-13 |e Instituto Arcos |i 5666038 |o 306.0946 BON 2009 |p 5666038 |r 2025-03-13 |t 4 |w 2025-03-13 |y BK |k IFP | ||
| 952 | |0 0 |1 0 |2 ddc |4 0 |6 306_094600000000000_BON_2009 |7 0 |8 A |9 601213 |a BIBINC |b BIBINC |d 2025-03-13 |e Instituto Arcos |i 5666039 |o 306.0946 BON 2009 |p 5666039 |r 2025-03-13 |t 5 |w 2025-03-13 |y BK |k IFP | ||